000 00939 am a2200325 a 4500
005 20201118133050.0
008 100331s1985||||ag ||||f |||| 001 0 spa d
020 _aS/N
041 _aspa
092 _c618.92
_l68
_aPED
245 _aPediatría. T.1.
_cJulio Meneghello R.
_nT.1.
250 _a3a ed.
260 _aSantiago [Chile] :
_bMediterraneo,
_c1985.
300 _a1-695 p.
653 _aPediatría
653 _aCrecimiento y Desarrollo
653 _aAdolescencia
653 _aNutrición y Alimentación
653 _aRecién Nacido
653 _aInmunología
653 _aAlergia y Enfermedades Relacionadas
653 _aEnfermedades del Complejo Inmunitario
653 _aEnfermedades Infecciosas y Parasitarias
700 1 _aMeneghello R., Julio
_9734
700 1 _aFanta N. Enrique.
_9735
700 1 _aMacaya C. Juan.
_9736
700 1 _aSoriano P. Humberto.
_9347
930 _a2267
942 _2ddc
_cBK
999 _c828
_d828